000 00302nam a22001337a 4500
008 190201b xxu||||| |||| 00| 0 eng d
020 _a9780934986854
041 _aeng
080 _a159.9
100 _a49
101 _aPSI
245 _aThe Anxiety & Phobia Workbook
_cBourne, E.J
942 _2udc
_cBK
999 _c53908
_d53908